| 000 | 00731cam a22002294a 4500 | ||
|---|---|---|---|
| 001 | 13243052 | ||
| 005 | 20180308070004.0 | ||
| 008 | 030618s2003 tnua 000 0 eng | ||
| 010 | _a 2003014115 | ||
| 020 | _a0785263268 (Hardcover) | ||
| 040 |
_aDLC _cDLC _dDLC |
||
| 041 | _aeng | ||
| 042 | _apcc | ||
| 080 | _a332.02402 RAM | ||
| 082 | 0 | 0 |
_a332.02402 RAM _221 |
| 100 | 1 | _a58 | |
| 101 | _aBIZ | ||
| 245 | 1 | 4 |
_aThe total money makeover : _cDave Ramsey. |
| 906 |
_a7 _bcbc _corignew _d1 _eecip _f20 _gy-gencatlg |
||
| 942 |
_2ddc _cBK |
||
| 999 |
_c44453 _d44453 |
||